| 000 | 00650nam a2200265Ia 4500 | ||
|---|---|---|---|
| 003 | GCL | ||
| 008 | 140319s9999 xx 000 0 eng d | ||
| 040 |
_aGCL / _cGCL |
||
| 082 | 0 | 4 |
_a910.09 _bM A |
| 100 | 1 | _aMASON, ANTONY | |
| 245 | 1 | 0 |
_aAROUND THE WORLD IN 80 PAGES / _cMASON, ANTONY |
| 260 |
_a[S.N] : _bALADDIN WATTS ، _c1995 |
||
| 300 | _a200 P | ||
| 650 | 0 | 4 | _aEUROPE |
| 650 | 0 | 4 | _aASIA |
| 650 | 0 | 4 | _aVOYAGES AND TRAVELS |
| 650 | 0 | 4 | _aNORTH AMERICA |
| 650 | 0 | 4 | _aAFRICA |
| 650 | 0 | 4 | _aMIDDLE EAST |
| 650 | 0 | 4 | _aAUSTRALIA |
| 650 | 0 | 4 | _aPACIFIC ISLANDS |
| 650 | 0 | 4 | _aSOUTH AMERICA |
| 650 | 0 | 4 | _aCENTRAL AMERICA |
| 942 |
_2ddc _cBK |
||
| 999 |
_c13280 _d13280 |
||